000 00638cam a22002053a 4500
001 44962
003 PGUSA
005 20140828084027.0
008 140219s2014||||xxu|||||s|||||000 | eng d
040 _aPGUSA
_beng
042 _adc
100 1 _aNew York Public Library
245 1 0 _aEarly American Poetry 1610-1820 :
_bA List of Works in the New York Public Library
_h[electronic resource] /
_cNew York Public Library
260 _bProject Gutenberg,
_c2014
506 _aPublic domain in the USA.
516 _aElectronic text
830 0 _aProject Gutenberg
_v44962
856 4 0 _uhttp://www.gutenberg.org/ebooks/44962
942 _cEB
999 _c274213
_d274213